01450nam a22002297a 4500008004100000020001800041040000800059041000800067050002400075100002900099245008800128246001200216260003200228300006100260490002800321520074500349610002901094610001701123650002801140650003601168655001601204251024b |||||||| |||| 00| 0 eng d a9781035420612 ctbs aeng aTT505.M58bB38 2025 aBateman, Kristeneauthor aLittle book of Miu Miub: the story of the iconic fashion housec/ Kristen Bateman. aMiu Miu aLondon : bWelbeck, c2025. a160 pages : billustrations, portraits (color) ;c19 cm. aLittle books of fashion a Quirky, daring and unconventionally chic, Miu Miu is the fashion house for those that dare to be different. The cult little sister brand of Prada, the maison was launched as an 'anti-fashion' brand in 1993 and its pieces have been worn by celebrities including Sydney Sweeney and Chloë Sevigny. From recent viral micro-miniskirts and covetable ballet flats to archive whimsical prints, artist collaborations and off-kilter colors, Miu Miu is the brand designed with a rare female point of view for daring women. With over 100 images of their most iconic pieces, accompanied by expert text, Little Book of Miu Miu explores the history of the iconic fashion house whose current and archival designs are coveted by the It girls of today. 0aMiu Miu (Brand)xHistory 0aPrada (Firm) 0aPrada, MiucciaxHistory 0aPrada, MiucciaxThemes, motives 0aBiographies